Die Karpathen - Turistik - Alpinismus - Wintersport

Bibliographic Details
Previous Title:Turistik, Alpinismus, Wintersport
Format: Journal
Language:Slovak
PhysicalDescription:10 zv. 24 cm
Published: Kežmarok Karpathenverein 1934-1944
Subjects:

MARC

LEADER 00000cas a22000004a 4500
001 vtls001364116
003 SK-MaSNL
005 20260228155712.0
008 990525d19341944xo br p 0 0a0slo
035 |a SNK000317754 
040 |a SNK  |b slo  |c SNK  |e AACR2 
041 0 |a slo 
044 |a xo  |c SK 
245 0 4 |a Die Karpathen - Turistik - Alpinismus - Wintersport 
260 |a Kežmarok  |b Karpathenverein  |c 1934-1944 
300 |a 10 zv.  |c 24 cm 
310 |a 6x ročne 
362 0 |a Roč. X [VIII.], č. 1 (1.2.1934)-roč. XIX (1944) 
650 0 7 |a šport  |2 SNKPH  |9 1042 
650 0 7 |a turistika  |2 SNKPH  |9 683 
780 0 0 |t Turistik, Alpinismus, Wintersport 
910 |a snk 
999 |c 272  |d 272 
952 |0 0  |1 0  |4 0  |7 0  |a SNK  |b SNK  |d 2012-03-29  |i snkXI. 3834/55  |l 0  |o snkČSB 342/17/1942  |p 17A0711112  |r 2026-02-21 20:17:43  |t č. 1-2  |w 2026-02-21  |y PREZ 
952 |0 0  |1 0  |4 0  |7 0  |a SNK  |b SNK  |d 1999-05-25  |l 0  |o snkČSB 342/7/1941  |p 17A0195503  |r 2005-01-02 00:00:00  |t č. 1-4  |w 2026-02-21  |y PREZ